Größte Stadt beginnend mit V in Diesem Land - Statistiken

Allgemein
  • Dieses Quiz wurde 210 mal gespielt
  • Das Durchschnittsergebnis liegt bei 7 aus 14
Antwortstatistiken
Land V Stadt % Korrekt
Türkei Van
93%
Kanada Vancouver
89%
Spanien Valencia
88%
Litauen Vilnius
88%
Italien Venedig
84%
Laos Vientiane
70%
Bulgarien Varna
62%
Chile Valparaiso
39%
Schweden Västerås
27%
Frankreich Villeurbanne
14%
Finnland Vantaa
13%
Vereinigte Staaten Virginia Beach
10%
Albanien Vlorë
10%
Weißrussland Vitebsk
8%
Keine übereinstimmenden Quizze gefunden
Verteilung der Resultate
Anzahl Personen mit jedem Resultat
Perzentil nach korrekt beantworteten Fragen
Ihre Resultats-Entwicklung
Sie haben dieses Quiz noch nicht gespielt